<?xml version="1.0" encoding="UTF-8"?><?xml-stylesheet type="text/xsl" href="static/style.xsl"?><OAI-PMH xmlns="http://www.openarchives.org/OAI/2.0/" xmlns:xsi="http://www.w3.org/2001/XMLSchema-instance" xsi:schemaLocation="http://www.openarchives.org/OAI/2.0/ http://www.openarchives.org/OAI/2.0/OAI-PMH.xsd"><responseDate>2026-04-17T03:23:43Z</responseDate><request verb="GetRecord" identifier="oai:www.recercat.cat:2117/397957" metadataPrefix="marc">https://recercat.cat/oai/request</request><GetRecord><record><header><identifier>oai:recercat.cat:2117/397957</identifier><datestamp>2026-02-16T05:50:08Z</datestamp><setSpec>com_2072_1033</setSpec><setSpec>col_2072_452950</setSpec></header><metadata><record xmlns="http://www.loc.gov/MARC21/slim" xmlns:dcterms="http://purl.org/dc/terms/" xmlns:xsi="http://www.w3.org/2001/XMLSchema-instance" xmlns:doc="http://www.lyncode.com/xoai" xsi:schemaLocation="http://www.loc.gov/MARC21/slim http://www.loc.gov/standards/marcxml/schema/MARC21slim.xsd">
   <leader>00925njm 22002777a 4500</leader>
   <datafield ind2=" " ind1=" " tag="042">
      <subfield code="a">dc</subfield>
   </datafield>
   <datafield ind2=" " ind1=" " tag="720">
      <subfield code="a">Chacón Flores, Rolando Antonio</subfield>
      <subfield code="e">author</subfield>
   </datafield>
   <datafield ind2=" " ind1=" " tag="720">
      <subfield code="a">Ramonell Cazador, Carlos</subfield>
      <subfield code="e">author</subfield>
   </datafield>
   <datafield ind2=" " ind1=" " tag="720">
      <subfield code="a">Posada Cárcamo, Héctor José</subfield>
      <subfield code="e">author</subfield>
   </datafield>
   <datafield ind2=" " ind1=" " tag="720">
      <subfield code="a">Sierra, Pablo Leonel</subfield>
      <subfield code="e">author</subfield>
   </datafield>
   <datafield ind2=" " ind1=" " tag="720">
      <subfield code="a">Clarés Garcia, Antoni</subfield>
      <subfield code="e">author</subfield>
   </datafield>
   <datafield ind2=" " ind1=" " tag="260">
      <subfield code="c">2023</subfield>
   </datafield>
   <datafield ind2=" " ind1=" " tag="520">
      <subfield code="a">With advanced analysis techniques, such as FE-analysis and computational modeling, engineers gain deeper insights of the behavior of steel structures. On the other hand, established technologies, such as sensors, cameras, or laser scanners, offer new ways to measure and monitor the behavior of structural systems with unprecedented accuracy and ease of data use. By deploying these devices strategically, engineers can capture critical data points providing understanding of structural behavior, condition and performance. Moreover, Building Information Modelling methods and their evolutionary transition to twins provide collaborative arenas for the integration of virtual representations together with physical and characteristics of a structure. These representations facilitate visualization, coordination, and communication throughout the construction lifecycle. Encompassing advanced analysis, measurements, and BIM represents the core concept of a multilayered digital twin presented in this paper. This paper presents a discussion on this concept through the lens of steel structures design using advanced analysis, data integration and interoperability. Some developments related to educational steel structures twins are also described.</subfield>
   </datafield>
   <datafield ind2=" " ind1=" " tag="520">
      <subfield code="a">Authors acknowledge the funding of research projects based on Digital Twins for the Built Environments. Respectively, DI-2021, as part of the Industrial PhD program on Doubly Curved Digital Twins and  “Ashvin- Assistants for Healthy, Safe, and Productive Virtual Construction Design, Operation &amp; Maintenance using a Digital Twin” as an H2020 project under agreement 958161 that provides access to two demonstrators depicted in the paper.</subfield>
   </datafield>
   <datafield ind2=" " ind1=" " tag="520">
      <subfield code="a">Postprint (published version)</subfield>
   </datafield>
   <datafield tag="653" ind2=" " ind1=" ">
      <subfield code="a">Àrees temàtiques de la UPC::Enginyeria civil::Materials i estructures::Materials i estructures metàl·liques</subfield>
   </datafield>
   <datafield tag="653" ind2=" " ind1=" ">
      <subfield code="a">Steel, Structural</subfield>
   </datafield>
   <datafield tag="653" ind2=" " ind1=" ">
      <subfield code="a">Measurements</subfield>
   </datafield>
   <datafield tag="653" ind2=" " ind1=" ">
      <subfield code="a">Advanced analysis</subfield>
   </datafield>
   <datafield tag="653" ind2=" " ind1=" ">
      <subfield code="a">BIM</subfield>
   </datafield>
   <datafield tag="653" ind2=" " ind1=" ">
      <subfield code="a">Digital Twins</subfield>
   </datafield>
   <datafield tag="653" ind2=" " ind1=" ">
      <subfield code="a">Interoperability</subfield>
   </datafield>
   <datafield tag="653" ind2=" " ind1=" ">
      <subfield code="a">Steel structures</subfield>
   </datafield>
   <datafield tag="653" ind2=" " ind1=" ">
      <subfield code="a">Construccions metàl·liques</subfield>
   </datafield>
   <datafield ind2="0" ind1="0" tag="245">
      <subfield code="a">Encompassing measurements, advanced analysis and BIM for Digital Twinning of steel structures</subfield>
   </datafield>
</record></metadata></record></GetRecord></OAI-PMH>